<?xml version="1.0" encoding="UTF-8"?>
<record
    xmlns:xsi="http://www.w3.org/2001/XMLSchema-instance"
    xsi:schemaLocation="http://www.loc.gov/MARC21/slim http://www.loc.gov/standards/marcxml/schema/MARC21slim.xsd"
    xmlns="http://www.loc.gov/MARC21/slim">

  <leader>01797cam0a2200577   4500</leader>
  <controlfield tag="001">13983</controlfield>
  <controlfield tag="003">http://www.sudoc.fr/180231154</controlfield>
  <controlfield tag="005">20251213175357.0</controlfield>
  <datafield tag="010" ind1=" " ind2=" ">
    <subfield code="a">9782081336551</subfield>
    <subfield code="d">2,90 EUR</subfield>
  </datafield>
  <datafield tag="020" ind1=" " ind2=" ">
    <subfield code="a">FR</subfield>
    <subfield code="b">01444742</subfield>
  </datafield>
  <datafield tag="021" ind1=" " ind2=" ">
    <subfield code="a">FR</subfield>
    <subfield code="b">DLE-20140617-37204</subfield>
  </datafield>
  <datafield tag="033" ind1=" " ind2=" ">
    <subfield code="a">http://catalogue.bnf.fr/ark:/12148/cb43843015v</subfield>
  </datafield>
  <datafield tag="035" ind1=" " ind2=" ">
    <subfield code="a">(OCoLC)406836622</subfield>
  </datafield>
  <datafield tag="035" ind1=" " ind2=" ">
    <subfield code="a">FRBNF438430150000002</subfield>
    <subfield code="z">FRBNF43843015</subfield>
  </datafield>
  <datafield tag="073" ind1=" " ind2="0">
    <subfield code="a">9782081336551</subfield>
  </datafield>
  <datafield tag="090" ind1=" " ind2=" ">
    <subfield code="a">13983</subfield>
  </datafield>
  <datafield tag="099" ind1=" " ind2=" ">
    <subfield code="o">0</subfield>
  </datafield>
  <datafield tag="100" ind1=" " ind2=" ">
    <subfield code="a">20140904d2014    m  y0frey50      ba</subfield>
  </datafield>
  <datafield tag="101" ind1="1" ind2=" ">
    <subfield code="a">fre</subfield>
  </datafield>
  <datafield tag="101" ind1="1" ind2=" ">
    <subfield code="c">ger</subfield>
  </datafield>
  <datafield tag="102" ind1=" " ind2=" ">
    <subfield code="a">FR</subfield>
  </datafield>
  <datafield tag="105" ind1=" " ind2=" ">
    <subfield code="a">a   z   000ay</subfield>
  </datafield>
  <datafield tag="181" ind1=" " ind2=" ">
    <subfield code="6">z01</subfield>
    <subfield code="c">txt</subfield>
    <subfield code="2">rdacontent</subfield>
  </datafield>
  <datafield tag="181" ind1=" " ind2="1">
    <subfield code="6">z01</subfield>
    <subfield code="a">i#</subfield>
    <subfield code="b">xxxe##</subfield>
  </datafield>
  <datafield tag="182" ind1=" " ind2=" ">
    <subfield code="6">z01</subfield>
    <subfield code="c">n</subfield>
    <subfield code="2">rdamedia</subfield>
  </datafield>
  <datafield tag="182" ind1=" " ind2="1">
    <subfield code="6">z01</subfield>
    <subfield code="a">n</subfield>
  </datafield>
  <datafield tag="183" ind1=" " ind2="1">
    <subfield code="6">z01</subfield>
    <subfield code="a">nga</subfield>
    <subfield code="2">RDAfrCarrier</subfield>
  </datafield>
  <datafield tag="200" ind1="1" ind2=" ">
    <subfield code="a">&#x98;Le &#x9C;Petit Chaperon rouge</subfield>
    <subfield code="e">et autres contes</subfield>
    <subfield code="b">LIVR</subfield>
  </datafield>
  <datafield tag="205" ind1=" " ind2=" ">
    <subfield code="a">&#xC9;dition revue 2014</subfield>
  </datafield>
  <datafield tag="214" ind1=" " ind2="0">
    <subfield code="c">Flammarion</subfield>
    <subfield code="d">DL 2014</subfield>
  </datafield>
  <datafield tag="214" ind1=" " ind2="0">
    <subfield code="a">Paris</subfield>
  </datafield>
  <datafield tag="215" ind1=" " ind2=" ">
    <subfield code="a">1 vol. (178 p.-[8] p. de pl.)</subfield>
  </datafield>
  <datafield tag="215" ind1=" " ind2=" ">
    <subfield code="c">ill. en noir et en coul., couv. ill. en coul.</subfield>
    <subfield code="d">18 cm</subfield>
  </datafield>
  <datafield tag="225" ind1="2" ind2=" ">
    <subfield code="a">&#xC9;tonnants classiques</subfield>
  </datafield>
  <datafield tag="225" ind1="2" ind2=" ">
    <subfield code="x">1269-8822</subfield>
  </datafield>
  <datafield tag="410" ind1=" " ind2=" ">
    <subfield code="0">04047223X</subfield>
  </datafield>
  <datafield tag="410" ind1=" " ind2=" ">
    <subfield code="t">&#xC9;tonnants classiques (Paris)</subfield>
    <subfield code="x">1269-8822</subfield>
  </datafield>
  <datafield tag="454" ind1=" " ind2=" ">
    <subfield code="t">Rotk&#xE4;ppchen</subfield>
  </datafield>
  <datafield tag="608" ind1=" " ind2=" ">
    <subfield code="3">029344913</subfield>
    <subfield code="a">Contes litt&#xE9;raires allemands</subfield>
    <subfield code="3">027794059</subfield>
    <subfield code="z">19e si&#xE8;cle</subfield>
    <subfield code="2">rameau</subfield>
  </datafield>
  <datafield tag="610" ind1=" " ind2=" ">
    <subfield code="a">Conte</subfield>
  </datafield>
  <datafield tag="686" ind1=" " ind2=" ">
    <subfield code="a">803</subfield>
    <subfield code="2">Cadre de classement de la Bibliographie nationale fran&#xE7;aise</subfield>
  </datafield>
  <datafield tag="700" ind1=" " ind2="1">
    <subfield code="a">Grimm</subfield>
    <subfield code="b">Jacob</subfield>
    <subfield code="f">1785-1863</subfield>
  </datafield>
  <datafield tag="700" ind1=" " ind2="1">
    <subfield code="3">026903458</subfield>
    <subfield code="4">070</subfield>
    <subfield code="4">220</subfield>
  </datafield>
  <datafield tag="701" ind1=" " ind2="1">
    <subfield code="a">Grimm</subfield>
    <subfield code="b">Wilhelm</subfield>
    <subfield code="f">1786-1859</subfield>
  </datafield>
  <datafield tag="701" ind1=" " ind2="1">
    <subfield code="a">Guerne</subfield>
    <subfield code="b">Armel</subfield>
    <subfield code="f">1911-1980</subfield>
  </datafield>
  <datafield tag="701" ind1=" " ind2="1">
    <subfield code="a">Pieri</subfield>
    <subfield code="b">Caecilia</subfield>
  </datafield>
  <datafield tag="701" ind1=" " ind2="1">
    <subfield code="3">026903466</subfield>
    <subfield code="4">070</subfield>
    <subfield code="4">220</subfield>
  </datafield>
  <datafield tag="701" ind1=" " ind2="1">
    <subfield code="3">026906597</subfield>
    <subfield code="4">730</subfield>
  </datafield>
  <datafield tag="701" ind1=" " ind2="1">
    <subfield code="3">030092817</subfield>
    <subfield code="c">traductrice</subfield>
    <subfield code="4">340</subfield>
  </datafield>
  <datafield tag="801" ind1=" " ind2="3">
    <subfield code="a">FR</subfield>
    <subfield code="b">Abes</subfield>
    <subfield code="c">20250513</subfield>
    <subfield code="g">AFNOR</subfield>
  </datafield>
  <datafield tag="801" ind1=" " ind2="0">
    <subfield code="a">FR</subfield>
    <subfield code="b">FR-751131015</subfield>
    <subfield code="c">20140617</subfield>
    <subfield code="g">AFNOR</subfield>
  </datafield>
  <datafield tag="995" ind1=" " ind2=" ">
    <subfield code="2">0</subfield>
    <subfield code="5">2025-12-13</subfield>
    <subfield code="9">13875</subfield>
    <subfield code="c">JOL</subfield>
    <subfield code="f">JOL-007684</subfield>
    <subfield code="k">LITT GRIM</subfield>
    <subfield code="o">0</subfield>
    <subfield code="b">JOL</subfield>
    <subfield code="r">LIVR</subfield>
  </datafield>
</record>
